Code hacking : a developer's guide to network security (Record no. 178509)

MARC details
000 -LEADER
fixed length control field 00476nam a2200169Ia 4500
008 - FIXED-LENGTH DATA ELEMENTS--GENERAL INFORMATION
fixed length control field 231217s9999 xx 000 0 und d
020 ## - INTERNATIONAL STANDARD BOOK NUMBER
International Standard Book Number 8173660905
041 ## - LANGUAGE CODE
Language code of text/sound track or separate title English
082 ## - DEWEY DECIMAL CLASSIFICATION NUMBER
Classification number 001.64404 CON;1 R
100 ## - MAIN ENTRY--PERSONAL NAME
Personal name Conway, Richard Cordingley, Julian
245 #0 - TITLE STATEMENT
Title Code hacking : a developer's guide to network security
260 ## - PUBLICATION, DISTRIBUTION, ETC.
Date of publication, distribution, etc. 2004
Name of publisher, distributor, etc. Charles
Place of publication, distribution, etc. Hingham
300 ## - PHYSICAL DESCRIPTION
Extent xiii+386
300 ## - PHYSICAL DESCRIPTION
Dimensions CD2932
650 ## - SUBJECT ADDED ENTRY--TOPICAL TERM
Topical term or geographic name entry element Code,hacking,:,developer's,network
942 ## - ADDED ENTRY ELEMENTS (KOHA)
Koha item type Books
Holdings
Date last seen Total checkouts Full call number Accession number Cost, total (INR) price Price effective from Category Lost status Damaged status Department Withdrawn status Home library Current library Shelving location Entry date Vendor Cost, normal purchase price Grants Billnumber Billdate Currency symbol Conversion rate Discount Old discount
26/01/2024   001.64404 CON;1 R 43853 320.00 26/01/2024 Books     Central Library   Central Library Central Library Central Library 10/01/2007 Sai Books 400.00 MCA 104 06/09/2008 RS 1 80 20

© For any Suggestions or Query, please contact the library staff @ librarian@pes.edu or Phone: +9180 2672 1983/ 2108.